000 00945ngm a22003250a 4500
001 PT17729
003 AR-LpoUNG
005 20210201232402.0
007 co ||u|||uuuuu
008 191001s2003||||ag |||||||||||||||||spa d
040 _aAR-LpoUNG
_bspa
_cAR-LpoUNG
_eaacr
041 _aspa
044 _aag
082 0 _a005.3 38sof
245 1 0 _aDesarrollo y uso del software libre :
_blacfree
260 _aBuenos Aires :
_bInstituto Nacional de Estadística e Informática,
_c2003.
650 4 _aDISEÑO DE SISTEMAS
650 4 _aINFORMATICA
650 4 _aLEGISLACION
650 4 _aLICENCIAS
650 4 _aOTORGAMIENTO DE LICENCIAS
650 4 _aPROGRAMAS
650 4 _aPROGRAMAS DE COMPUTADORAS
650 4 _aSISTEMAS EXPERTOS
651 4 _aDOCUMENTOS TEORICOS O METODOLOGICOS
710 2 _aInstituto Nacional de Estadística e Informática (Argentina)
710 2 _aUnesco (París)
905 _a17729
942 _cCDDVD
999 _c53543
_d53543